000 00284nam a22001337a 4500
008 171027b xxu||||| |||| 00| 0 eng d
020 _a9951000525
041 _aalb
080 _a311
100 _a55
101 _aSTA
245 _aBAZAT E STATISTIKËS
_cNUHIU,R
942 _2udc
_cBK
999 _c36007
_d36007